000 01623cam a2200457 a 4500
001 40866
005 20230410101711.0
008 000421s2000 fr a b 000 0 fre c
010 _a 00697556
035 _a(OCoLC)ocm44088620
040 _aTZT
_cTZT
_dDLC
_dCGU
_dLVB
020 _a2842301021
020 _a9782842301026
029 1 _aTZT
_bJTL00046997
035 _a(OCoLC)44088620
042 _apcc
043 _anwht---
_afw-----
050 1 4 _a110 N 6606.5
_bH153 2000
082 0 0 _a709/.7294/07444361
_221
245 0 0 _aHaiti :
_banges et démons.
246 3 _aHaiti, anges et dèemons
260 _aParis :
_bHoébeke :
_bHalle Saint-Pierre,
_c2000.
300 _a154 p. :
_bcol. ill. ;
_c33 cm.
500 _aPublished on the occasion of the exhibition of the same name held at La Halle Saint-Pierre, Paris, spring 2000.
504 _aIncludes bibliographical references (p. 157-[158]).
650 0 _aArt, Haitian
_y20th century
_vExhibitions.
650 0 _aPrimitivism in art
_zHaiti
_vExhibitions.
650 0 _aVoodooism in art
_vExhibitions.
650 0 _aArt, West African
_xInfluence
_vExhibitions.
653 _aHaitian Art
_a20th Century
650 4 _aCEH
650 4 _aColección Estudios Haitianos
650 6 _aArt Haitien
_y20e siécle
_vExpositions.
650 6 _aPrimitivisme dans l'art
_zHaíti
_vExpositions.
650 6 _aVaudou dans l'art
_vExpositions.
650 6 _aArt ouest-africain
_xInfluence
_vExpositions.
710 2 _aHalle Saint-Pierre (Museum)
938 _aJean Touzot Libraire Editeur
_bTOUZ
_nJTL00046997
_c250 FRF
942 _2lcc
_cbk
994 _aC0
_bDRFGD
999 _c12331
_d12331